Espíritu en el mundo: metafísica del conocimiento finito según Santo Tomás de Aquino

Tallennettuna:
Bibliografiset tiedot
Päätekijä: Rahner, Karl (Tekijä)
Aineistotyyppi: Kirja
Kieli:espanja
Julkaistu: Barcelona Herder 1963
Aiheet:
Tagit: Lisää tagi
Ei tageja, Lisää ensimmäinen tagi!

MARC

LEADER 00000cam a2200000 a 4500
001 UCK1593
003 CL-VaPUC
008 041119e19630000SP |||||||||||||||||spa|d
082 0 4 |a 189.4  |b RAH  |2 21 
100 0 |a Rahner, Karl  |e author  |9 314306 
245 1 0 |a Espíritu en el mundo: metafísica del conocimiento finito según Santo Tomás de Aquino 
300 |a 388 p 
942 |c BK 
945 |d 20041119 00:00:00  |a cmena 
260 |a Barcelona  |b Herder  |c 1963 
600 0 |a Tomás de Aquino  |d 1220-1274  |c Santo  |9 255832 
650 0 |a Teología cristiana  |9 308336 
650 0 |a Filosofía cristiana   |9 265980 
650 0 |a Tomismo  |9 259214 
650 0 |a Metafísica  |9 265649 
583 |a last modification  |c 20180102 04:06:13  |k Rodrigo Vera 
999 |c 311499  |d 311497 
952 |0 0  |1 0  |3 erd  |4 0  |6 189_400000000000000_RAH_1963  |7 0  |8 P  |9 380930  |a BIBTEO  |b BIBTES  |c TEO_FTES  |e Familia Cárdenas Lailhacar  |i 5302374  |l 2  |m 1  |o 189.4 RAH 1963  |p 5302374  |r 2024-04-19  |s 2024-04-04  |w 2019-11-21  |y BK  |z Catalogado en:20160520  |k ICR